[Event "22nd EUR-ch (w)"]
[Site "Prague CZE"]
[Date "2022.08.24"]
[Round "5.40"]
[White "Dvorakova, Olga"]
[Black "Van Foreest, Machteld"]
[Result "0-1"]
[WhiteElo "1921"]
[BlackElo "2235"]
[EventDate "2022.08.20"]
[PlyCount "70"]

1.d4 d5 2.c4 e6 3.Nc3 Nf6 4.cxd5 exd5 5.Bg5 Be7 6.e3 c6 7.Bd3 O-O 8.Qc2 
Nbd7 9.Nf3 Re8 10.O-O Nf8 11.h3 Ne4 12.Bxe7 Qxe7 13.Ne5 Qh4 14.b4 Ng6 15.
f4 Nxc3 16.Qxc3 Bxh3 17.Bxg6 hxg6 18.gxh3 Qg3+ 19.Kh1 Qxh3+ 20.Kg1 Qg3+ 
21.Kh1 f6 22.Nf3 Kf7 23.Qd2 Rxe3 24.Qg2 Rh8+ 25.Kg1 Rh3 26.Nd2 Re2 27.Rf2 
Rxd2 28.Rxd2 Qc3 29.Qf1 Qg3+ 30.Rg2 Qh4 31.Re2 Rh1+ 32.Kg2 Qh3+ 33.Kf2 
Rh2+ 34.Kg1 Qxf1+ 35.Kxf1 Rh1+ 0-1

[Event "22nd EUR-ch (w)"]
[Site "Prague CZE"]
[Date "2022.08.24"]
[Round "5.41"]
[White "Petrova, Irina"]
[Black "Javakhishvili, Lela"]
[Result "0-1"]
[WhiteElo "2127"]
[BlackElo "2476"]
[EventDate "2022.08.20"]
[PlyCount "120"]

1.e4 c5 2.Nf3 e6 3.c4 Nc6 4.Nc3 Nd4 5.g3 Ne7 6.Bg2 Nec6 7.O-O a6 8.d3 Be7 
9.a3 b5 10.Nxd4 Nxd4 11.Be3 Rb8 12.cxb5 axb5 13.Ne2 Qb6 14.Rc1 O-O 15.Nxd4
cxd4 16.Bf4 d6 17.Qc2 b4 18.Qc7 Re8 19.Rfd1 Ba6 20.Bf1 Qb5 21.Bd2 Rb7 22.
Qc6 Qxc6 23.Rxc6 Bb5 24.Rcc1 b3 25.Bb4 Kf8 26.Be2 Rd8 27.Kf1 Ke8 28.f4 g5 
29.Kf2 Kd7 30.Rg1 Rbb8 31.Ke1 gxf4 32.gxf4 Bh4+ 33.Kd1 Rg8 34.Rxg8 Rxg8 
35.Be1 Rg1 36.Kd2 Bd8 37.Bf3 Ba5+ 38.Ke2 Bxe1 39.Rxe1 Bxd3+ 40.Kd2 Rxe1 
41.Kxe1 f6 42.Kd2 Bc2 43.Bg2 h6 44.Bf3 Kc7 45.Bg4 Kd7 46.Bf3 e5 47.fxe5 
fxe5 48.Bg2 Kc7 49.Bf3 Kb6 50.Bg2 Kc5 51.Bf3 d5 52.exd5 e4 53.Bh5 e3+ 54.
Ke2 Be4 55.d6 Kxd6 56.Bf7 Bd5 57.Bg6 Bc4+ 58.Kf3 Ke5 59.Bh7 e2 60.Kf2 d3 
0-1

[Event "22nd EUR-ch (w)"]
[Site "Prague CZE"]
[Date "2022.08.24"]
[Round "5.42"]
[White "Zimina, Olga"]
[Black "Tsirulnik, Maritsa"]
[Result "1/2-1/2"]
[WhiteElo "2340"]
[BlackElo "2089"]
[EventDate "2022.08.20"]
[PlyCount "96"]

1.d4 Nf6 2.Nf3 e6 3.g3 d5 4.Bg2 Be7 5.O-O O-O 6.c4 dxc4 7.Qc2 c6 8.Qxc4 b5
9.Qc2 Bb7 10.a4 Nbd7 11.Nc3 a6 12.Bg5 Rc8 13.Ne5 b4 14.Ne4 Nxe4 15.Bxe7 
Qxe7 16.Nxd7 Qxd7 17.Qxe4 Rc7 18.Qe5 Rd8 19.e3 Qd6 20.Qxd6 Rxd6 21.Rac1 e5
22.dxe5 Rd2 23.Rfd1 Rxd1+ 24.Rxd1 Kf8 25.Rc1 Rd7 26.Kf1 Rd2 27.Bxc6 Bc8 
28.Ke1 Rxb2 29.Bd5 Bg4 30.a5 b3 31.Bc4 Bf5 32.Ra1 Ke7 33.Rc1 Bc2 34.Kd2 
Ra2 35.Kc3 Rxa5 36.Bxb3 Bxb3 37.Kxb3 Rxe5 38.Rc7+ Kf8 39.Ra7 Rb5+ 40.Kc3 
Ra5 41.Kd3 Ra2 42.f3 h5 43.Ke4 g6 44.Kf4 Kg7 45.h4 Kf6 46.e4 Ra4 47.Rb7 
Kg7 48.Ra7 Kf6 1/2-1/2

[Event "22nd EUR-ch (w)"]
[Site "Prague CZE"]
[Date "2022.08.24"]
[Round "5.43"]
[White "Paramzina, Anastasya"]
[Black "Hnatyshyn, Anastasiia"]
[Result "1/2-1/2"]
[WhiteElo "2216"]
[BlackElo "2061"]
[EventDate "2022.08.20"]
[PlyCount "128"]

1.e4 c5 2.Nf3 Nc6 3.d4 cxd4 4.Nxd4 Nf6 5.Nc3 e5 6.Ndb5 d6 7.Nd5 Nxd5 8.
exd5 Ne7 9.c4 Ng6 10.Qa4 Bd7 11.Qb4 Qb8 12.h4 h5 13.Be2 Be7 14.g3 a6 15.
Nc3 b5 16.cxb5 axb5 17.Nxb5 O-O 18.Qb3 e4 19.Nd4 Qc8 20.Bg5 Bxg5 21.hxg5 
Bg4 22.Qc3 Qd7 23.Bxg4 Qxg4 24.Nc2 Rfc8 25.Qd2 Ne5 26.Nd4 Rc4 27.Kf1 e3 
28.fxe3 Qxg3 29.Qh2 Qxe3 30.Qxh5 Qd3+ 31.Kg2 Ng6 32.Qh7+ Kf8 33.Rae1 Nf4+ 
34.Kf2 Qxd4+ 35.Kg3 Ne6 36.dxe6 Qf4+ 37.Kg2 Qxg5+ 38.Kf2 Qf6+ 39.Kg3 Qg5+ 
40.Kf2 Rf4+ 41.Ke2 Rxa2 42.e7+ Qxe7+ 43.Kd3 Rf3+ 44.Kc2 Rf2+ 45.Kd3 Rf3+ 
46.Kc2 Qc7+ 47.Kd1 Ra1+ 48.Ke2 Rxe1+ 49.Rxe1 Rf6 50.Qh8+ Ke7 51.Kd3+ Re6 
52.Rxe6+ Kxe6 53.Qxg7 Qc5 54.Qf8 Qb5+ 55.Kc3 Qe5+ 56.Kc2 Qe4+ 57.Kc3 Qe3+ 
58.Kc2 Qe4+ 59.Kc3 f5 60.b4 Qe5+ 61.Kc4 Qd5+ 62.Kc3 Qe5+ 63.Kc4 Qd5+ 64.
Kc3 Qe5+ 1/2-1/2

[Event "22nd EUR-ch (w)"]
[Site "Prague CZE"]
[Date "2022.08.24"]
[Round "5.44"]
[White "Schloffer, Jasmin-Denise"]
[Black "Richterova, Natasa"]
[Result "1/2-1/2"]
[WhiteElo "2127"]
[BlackElo "2215"]
[EventDate "2022.08.20"]
[PlyCount "53"]

1.d4 d5 2.c4 e6 3.Nc3 Nf6 4.cxd5 exd5 5.Bg5 c6 6.e3 Be7 7.Qc2 Bg4 8.Bd3 
Bh5 9.Nge2 Bg6 10.Nf4 Bxd3 11.Nxd3 Nbd7 12.O-O O-O 13.Rfc1 h6 14.Bh4 a6 
15.Qe2 Re8 16.Na4 Ne4 17.Bxe7 Qxe7 18.Nac5 Nd6 19.Nxd7 Qxd7 20.Qf3 Rad8 
21.b4 Qe7 22.a4 Qg5 23.Nc5 Qe7 24.Nd3 Qg5 25.Nc5 Qe7 26.Nd3 Qg5 27.Nc5 
1/2-1/2

[Event "22nd EUR-ch (w)"]
[Site "Prague CZE"]
[Date "2022.08.24"]
[Round "5.45"]
[White "Koubova, Anna Marie"]
[Black "Pavlidou, Ekaterini"]
[Result "0-1"]
[WhiteElo "2122"]
[BlackElo "2158"]
[EventDate "2022.08.20"]
[PlyCount "62"]

1.d4 d5 2.c4 e6 3.Nf3 h6 4.g3 Nf6 5.Bg2 Bd6 6.O-O O-O 7.Nc3 Nc6 8.b3 dxc4 
9.bxc4 e5 10.Bb2 exd4 11.Nxd4 Ne5 12.Qb3 c6 13.Rad1 Qe7 14.h3 Rd8 15.e4 
Be6 16.Nxe6 Qxe6 17.f4 Bc5+ 18.Kh1 Nd3 19.e5 Ng4 20.hxg4 Qxg4 21.Kh2 Nf2 
22.Rxf2 Bxf2 23.Rxd8+ Rxd8 24.Ne4 Qh5+ 25.Bh3 Qe2 26.Bg2 Rd3 27.Bc3 Qh5+ 
28.Bh3 Qf3 29.Bg2 Bxg3+ 30.Nxg3 Qxg3+ 31.Kg1 Qe3+ 0-1

[Event "22nd EUR-ch (w)"]
[Site "Prague CZE"]
[Date "2022.08.24"]
[Round "5.46"]
[White "Sochorova, Petra"]
[Black "Rodshtein, Tereza"]
[Result "1/2-1/2"]
[WhiteElo "2019"]
[BlackElo "2154"]
[EventDate "2022.08.20"]
[PlyCount "81"]

1.e4 e5 2.Nf3 Nc6 3.Bb5 a6 4.Ba4 Nf6 5.Qe2 b5 6.Bb3 Be7 7.O-O O-O 8.c3 d6 
9.Rd1 Na5 10.Bc2 c5 11.d4 Qc7 12.d5 c4 13.b4 cxb3 14.axb3 Bg4 15.h3 Bxf3 
16.Qxf3 b4 17.Bd2 Rfb8 18.c4 Nd7 19.Ra4 Nc5 20.Rxb4 Rxb4 21.Bxb4 Rb8 22.
Qc3 Naxb3 23.Bxb3 Nxb3 24.Qxb3 Qb7 25.Nd2 Qxb4 26.Rb1 Qxb3 27.Rxb3 Ra8 28.
Kf1 Kf8 29.Ke2 Bd8 30.Nb1 Ke8 31.Nc3 Kd7 32.Na4 Kc7 33.Kd3 Bh4 34.g3 Bd8 
35.Rb6 a5 36.Rc6+ Kd7 37.c5 dxc5 38.Nxc5+ Ke8 39.Na6 Ra7 40.Nc5 Ra8 41.Na6
1/2-1/2

[Event "22nd EUR-ch (w)"]
[Site "Prague CZE"]
[Date "2022.08.24"]
[Round "5.47"]
[White "Markova, Karolina"]
[Black "Utiatskaya, Irina"]
[Result "1-0"]
[WhiteElo "1635"]
[BlackElo "2154"]
[EventDate "2022.08.20"]
[PlyCount "100"]

1.e4 c5 2.Nc3 Nc6 3.g3 e5 4.Bg2 g6 5.d3 Bg7 6.f4 d6 7.Nf3 Nge7 8.O-O h6 9.
Be3 Nd4 10.h3 O-O 11.Qd2 Kh7 12.Rf2 Be6 13.Raf1 Rb8 14.g4 exf4 15.Bxf4 
Nec6 16.g5 h5 17.Nh4 Ne5 18.Nd5 b5 19.c3 Ndc6 20.Be3 Kh8 21.Qe2 c4 22.dxc4
bxc4 23.Nf4 Qa5 24.Nxe6 fxe6 25.Nxg6+ Nxg6 26.Qxh5+ Kg8 27.Qxg6 Qe5 28.Bf4
Ne7 29.Bxe5 Nxg6 30.Bxd6 Rxf2 31.Rxf2 Rb5 32.Bf1 Rxg5+ 33.Rg2 Rxg2+ 34.
Kxg2 Ne5 35.Bxe5 Bxe5 36.Bxc4 Kf7 37.Kf3 a5 38.a4 Ke7 39.Ke3 Bf6 40.Kd3 
Kd6 41.b4 Bd8 42.Bb3 e5 43.Bd5 Bh4 44.Kc4 Be1 45.Kb5 Bxc3 46.Kxa5 Be1 47.
Kb5 Kc7 48.a5 Kb8 49.Kb6 Bf2+ 50.Ka6 Be1 1-0

[Event "22nd EUR-ch (w)"]
[Site "Prague CZE"]
[Date "2022.08.24"]
[Round "5.48"]
[White "Spanko, Nadia"]
[Black "Grineva, Marianna"]
[Result "1-0"]
[WhiteElo "2136"]
[BlackElo "2006"]
[EventDate "2022.08.20"]
[PlyCount "139"]

1.e4 g6 2.d4 Bg7 3.Nf3 d6 4.c3 c6 5.Bd3 Qc7 6.Bg5 h6 7.Be3 Nf6 8.h3 e5 9.
c4 O-O 10.Nc3 exd4 11.Nxd4 Nbd7 12.Qd2 Kh7 13.O-O-O Nc5 14.Bc2 Re8 15.f3 
a5 16.g4 Nfd7 17.Qe2 a4 18.h4 a3 19.b3 Qa5 20.Qd2 Ne5 21.Rhf1 Nxf3 22.Rxf3
Bxg4 23.Rxf7 Bxd1 24.Bxh6 Bxc2 25.Rxg7+ Kh8 26.Nxc2 Nxe4 27.Nxe4 Rxe4 28.
Rxg6 Qxd2+ 29.Kxd2 Rxh4 30.Rxd6 Rg8 31.Be3 Rg2+ 32.Kd3 Rhh2 33.Rh6+ Kg8 
34.Rxh2 Rxh2 35.Bc1 Kf7 36.Bxa3 Ke6 37.Bc5 Rh3+ 38.Be3 c5 39.a4 Kd6 40.Na3
Kc6 41.Nb1 Rh2 42.Nd2 b6 43.Ne4 Rb2 44.Nd2 Ra2 45.Bf4 Ra1 46.Kc2 Rh1 47.
Nb1 Rh4 48.Bd2 Rh2 49.Nc3 Rg2 50.Nd5 Rh2 51.Kc3 Rh1 52.Bf4 Rh3+ 53.Kc2 Rh7
54.Be5 Rf7 55.Bf6 Rd7 56.Kd3 Rd6 57.Be7 Rd7 58.Ke4 Rb7 59.Bd8 Rh7 60.Kd3 
Rh3+ 61.Kc2 Rh2+ 62.Kc3 Rh3+ 63.Kb2 Rh2+ 64.Ka3 Rg2 65.Bxb6 Rh2 66.a5 Rh1 
67.Nc3 Ra1+ 68.Kb2 Re1 69.Na4 Re2+ 70.Ka3 1-0

[Event "22nd EUR-ch (w)"]
[Site "Prague CZE"]
[Date "2022.08.24"]
[Round "5.49"]
[White "Orian, Noga"]
[Black "Dwilewicz, Katarzyna"]
[Result "1/2-1/2"]
[WhiteElo "1855"]
[BlackElo "2131"]
[EventDate "2022.08.20"]
[PlyCount "62"]

1.d4 Nf6 2.c4 e6 3.Nf3 d5 4.g3 dxc4 5.Bg2 c5 6.O-O Nc6 7.dxc5 Qxd1 8.Rxd1 
Bxc5 9.Nbd2 c3 10.bxc3 O-O 11.Nb3 Be7 12.c4 Bd7 13.Bb2 Rfd8 14.Nfd4 Rac8 
15.Nb5 b6 16.Nd6 Rc7 17.Nb5 Rcc8 18.Nd6 Rc7 19.Rac1 Nb4 20.Nb5 Bxb5 21.
cxb5 Rxd1+ 22.Rxd1 Nxa2 23.Be5 Rc2 24.Nd4 Rc1 25.Rxc1 Nxc1 26.Nc6 Bc5 27.
e3 Nd3 28.Bxf6 gxf6 29.Nxa7 f5 30.Nc6 Kg7 31.Bf1 Nb4 1/2-1/2

[Event "22nd EUR-ch (w)"]
[Site "Prague CZE"]
[Date "2022.08.24"]
[Round "5.50"]
[White "Vega Gutierrez, Sabrina"]
[Black "Marcinczyk, Monika"]
[Result "0-1"]
[WhiteElo "2366"]
[BlackElo "1934"]
[EventDate "2022.08.20"]
[PlyCount "84"]

1.e4 c5 2.Nf3 d6 3.d4 cxd4 4.Nxd4 Nf6 5.Nc3 a6 6.Bd3 e5 7.Nde2 Nbd7 8.Ng3 
Nc5 9.O-O Be7 10.a4 Be6 11.Be2 d5 12.exd5 Nxd5 13.Nxd5 Bxd5 14.Nf5 Bf6 15.
Be3 Ne6 16.c4 Bc6 17.Nd6+ Kf8 18.c5 a5 19.Bc4 Qd7 20.Qb3 g6 21.Rfd1 Qe7 
22.Bh6+ Bg7 23.Nxf7 Kxf7 24.Bxg7 Kxg7 25.Bxe6 Qxc5 26.Rac1 Qb4 27.Qe3 Qf4 
28.Qb6 Rhf8 29.Rc4 Qg5 30.g3 Rad8 31.Qc7+ Kh8 32.Rxd8 Rxd8 33.Rxc6 bxc6 
34.Qxa5 Rf8 35.Qc5 Qf6 36.b3 Rd8 37.Qxc6 Rd1+ 38.Kg2 Rd2 39.Qc5 Qxe6 40.
Qf8+ Qg8 41.Qf6+ Qg7 42.Qe6 Qb7+ 0-1

[Event "22nd EUR-ch (w)"]
[Site "Prague CZE"]
[Date "2022.08.24"]
[Round "5.51"]
[White "Head, Louise"]
[Black "Terbe, Zsuzsanna"]
[Result "1/2-1/2"]
[WhiteElo "2024"]
[BlackElo "2196"]
[EventDate "2022.08.20"]
[PlyCount "73"]

1.d4 d5 2.c4 c6 3.Nc3 Nf6 4.e3 e6 5.Nf3 a6 6.b3 c5 7.dxc5 Bxc5 8.Bb2 Nc6 
9.cxd5 exd5 10.Be2 O-O 11.O-O Be6 12.Rc1 Qd6 13.Nb1 Ne4 14.Nd4 Rac8 15.Bf3
Ng5 16.Bh5 Rfd8 17.Re1 Qe7 18.Be2 Ne4 19.Bf1 Ne5 20.f3 Nf6 21.Re2 Bd7 22.
Nc3 Nc6 23.Nb1 Bd6 24.Qe1 Nb4 25.Rxc8 Rxc8 26.Bc3 Nd3 27.Qd2 Nc5 28.Bb2 
Qe5 29.g3 Qg5 30.Bg2 Qg6 31.Nc3 h5 32.Qc2 Qg5 33.f4 Qg4 34.Bf3 Qh3 35.Bg2 
Qg4 36.Bf3 Qh3 37.Bg2 1/2-1/2

[Event "22nd EUR-ch (w)"]
[Site "Prague CZE"]
[Date "2022.08.24"]
[Round "5.52"]
[White "Tashkinova, Sofiia"]
[Black "Polterauer, Chiara"]
[Result "0-1"]
[WhiteElo "2011"]
[BlackElo "2183"]
[EventDate "2022.08.20"]
[PlyCount "124"]

1.e4 e5 2.Nf3 Nc6 3.Nc3 Nf6 4.Bb5 Bb4 5.O-O O-O 6.d3 Bxc3 7.bxc3 d6 8.Re1 
Ne7 9.d4 Ng6 10.h3 c6 11.Bd3 h6 12.Be3 Re8 13.c4 Nh7 14.Rb1 Qf6 15.c3 Ng5 
16.Nxg5 hxg5 17.Be2 exd4 18.Bxd4 Qe7 19.f3 Be6 20.Qd2 f6 21.Red1 Red8 22.
Qb2 b6 23.Bf2 Ne5 24.Qb4 c5 25.Qa4 Qf7 26.Rd5 Bxd5 27.cxd5 Qc7 28.Ba6 Qd7 
29.Bb5 Qe7 30.Ba6 Rab8 31.Bb5 Rdc8 32.Ba6 Rc7 33.Qb5 g6 34.Bg3 Kg7 35.a4 
Kf7 36.Qe2 Kg7 37.Rf1 Re8 38.Qd2 Nf7 39.Re1 Rd8 40.Bb5 Rh8 41.Qb2 Ne5 42.
Qf2 c4 43.Qd4 Rc5 44.Ra1 Rc7 45.Rb1 Rxh3 46.Bxe5 fxe5 47.Qd2 Rh8 48.Qe2 g4
49.fxg4 Qh4 50.Rf1 Qh2+ 51.Kf2 Rf7+ 52.Ke1 Qg3+ 53.Kd1 Rxf1+ 54.Qxf1 Qxg4+
55.Qf3 Rh1+ 56.Ke2 Qh4 57.Bxc4 Qe1+ 58.Kd3 Qb1+ 59.Ke3 Qc1+ 60.Ke2 Qc2+ 
61.Ke3 Qxc3+ 62.Bd3 Qc1+ 0-1

[Event "22nd EUR-ch (w)"]
[Site "Prague CZE"]
[Date "2022.08.24"]
[Round "5.53"]
[White "Ciolacu, Alessia-Mihaela"]
[Black "Bashylina, Luisa"]
[Result "1-0"]
[WhiteElo "2169"]
[BlackElo "2018"]
[EventDate "2022.08.20"]
[PlyCount "61"]

1.d4 Nf6 2.c4 g6 3.Nf3 Bg7 4.Nc3 d5 5.Qb3 dxc4 6.Qxc4 O-O 7.e4 Na6 8.Be2 
c5 9.d5 e6 10.O-O exd5 11.exd5 Re8 12.Be3 Bf5 13.Rad1 Ne4 14.Nxe4 Rxe4 15.
Qc1 Nb4 16.a3 Nc2 17.Bg5 f6 18.Qxc2 fxg5 19.Bd3 Rf4 20.Bxf5 Rxf5 21.d6 Kh8
22.Qe4 Qf8 23.d7 Rd8 24.Rfe1 h6 25.h4 g4 26.Qxg4 Qf7 27.Qe4 Kh7 28.Qe8 Qf8
29.Re7 Kh8 30.Rde1 Kh7 31.Ne5 1-0

[Event "22nd EUR-ch (w)"]
[Site "Prague CZE"]
[Date "2022.08.24"]
[Round "5.54"]
[White "Svobodova, Michaela"]
[Black "Hrebenshchykova, Yelyzaveta"]
[Result "1/2-1/2"]
[WhiteElo "1943"]
[BlackElo "2123"]
[EventDate "2022.08.20"]
[PlyCount "135"]

1.e4 c5 2.Nf3 e6 3.g3 Nc6 4.Bg2 Nf6 5.d3 d5 6.Qe2 Be7 7.e5 Nd7 8.c4 O-O 9.
O-O Nb6 10.Nc3 dxc4 11.dxc4 Nd4 12.Nxd4 Qxd4 13.Rd1 Qxc4 14.Qh5 Nd7 15.
Bxb7 Bxb7 16.Rxd7 Ba6 17.Bh6 Bd8 18.Rxd8 gxh6 19.Rxa8 Rxa8 20.Qxh6 Qg4 21.
Rd1 Bb7 22.Rd7 Qf3 23.Qg5+ Kh8 24.Qf6+ Kg8 25.Qxf3 Bxf3 26.Rd3 Bc6 27.f4 
Rb8 28.Rd2 Kg7 29.Kf2 h5 30.Ke3 Rb4 31.a3 Rb7 32.Ne4 Rb3+ 33.Nc3 Kg6 34.
Kd3 Bd5 35.Kc2 Bc4 36.Rd7 a6 37.Rc7 Rb8 38.Rxc5 Bb3+ 39.Kc1 Kf5 40.Rc7 Rf8
41.Rb7 Bc4 42.Rb4 Rc8 43.Kc2 Kg4 44.b3 Bd5 45.Kd3 Kh3 46.Nxd5 exd5 47.f5 
Kxh2 48.Kd4 Kxg3 49.e6 h4 50.Kxd5 h3 51.Re4 fxe6+ 52.fxe6 h2 53.Re1 Rc2 
54.Rh1 Kg2 55.Rxh2+ Kxh2 56.e7 Re2 57.Kd6 Kg3 58.Kd7 Rd2+ 59.Kc6 Re2 60.
Kd7 Rd2+ 61.Ke6 Re2+ 62.Kf7 Rf2+ 63.Kg7 Re2 64.Kf7 Rf2+ 65.Ke6 Re2+ 66.Kd7
Rd2+ 67.Kc7 Re2 68.Kd7 1/2-1/2

[Event "22nd EUR-ch (w)"]
[Site "Prague CZE"]
[Date "2022.08.24"]
[Round "5.55"]
[White "Sankova, Stella"]
[Black "Folkova, Martina"]
[Result "1/2-1/2"]
[WhiteElo "2067"]
[BlackElo "1991"]
[EventDate "2022.08.20"]
[PlyCount "102"]

1.e4 e5 2.Nf3 Nc6 3.Bb5 a6 4.Ba4 Nf6 5.d3 b5 6.Bb3 Be7 7.g4 d6 8.g5 Nd7 9.
c3 Na5 10.Bc2 c5 11.Be3 Nf8 12.Nbd2 Bg4 13.Rg1 Bh5 14.Qe2 Ne6 15.Qf1 d5 
16.Qh3 g6 17.exd5 Qxd5 18.Qg3 Bxf3 19.Nxf3 Bd6 20.Qg4 O-O 21.Nd2 Nf4 22.
Ne4 f5 23.gxf6 Rad8 24.h4 Kh8 25.Bxf4 exf4 26.Qg5 Be5 27.h5 Bxf6 28.Nxf6 
Qxg5 29.Rxg5 Rxf6 30.Rxc5 Re6+ 31.Kf1 Rde8 32.hxg6 hxg6 33.b4 Nb7 34.Rc7 
Nd8 35.Kg2 R6e7 36.Rh1+ Kg7 37.Rxe7+ Rxe7 38.Kf3 Rc7 39.Kxf4 Rxc3 40.Bb3 
Rxd3 41.Rd1 Rxd1 42.Bxd1 Kf6 43.Ke4 Ke6 44.Bg4+ Kd6 45.Bc8 Nc6 46.a3 a5 
47.bxa5 Nxa5 48.Kd4 Nc6+ 49.Ke4 b4 50.axb4 Nxb4 51.f3 Nc6 1/2-1/2

[Event "22nd EUR-ch (w)"]
[Site "Prague CZE"]
[Date "2022.08.24"]
[Round "5.56"]
[White "Tsotsonava, Elene"]
[Black "Sevcikova, Lucia"]
[Result "1-0"]
[WhiteElo "1858"]
[BlackElo "2058"]
[EventDate "2022.08.20"]
[PlyCount "93"]

1.e4 e6 2.d4 d5 3.e5 c5 4.c3 Qb6 5.Nf3 Bd7 6.Na3 cxd4 7.cxd4 Bxa3 8.bxa3 
Nc6 9.Be3 Qa5+ 10.Qd2 Qxa3 11.Rb1 Rb8 12.Bd3 Qa5 13.O-O Qxd2 14.Bxd2 Nge7 
15.Rb3 O-O 16.Rfb1 b6 17.a4 Rbd8 18.h4 h6 19.Rc1 f6 20.a5 fxe5 21.Nxe5 
Nxd4 22.Rb2 Ndc6 23.Nxd7 Rxd7 24.Bb5 Rd6 25.a6 Nd4 26.Rc7 Nec6 27.Bxc6 
Nxc6 28.Rc2 Nd4 29.Bb4 Nxc2 30.Bxd6 Rd8 31.Be5 Nb4 32.Rxg7+ Kf8 33.Rh7 Nc6
34.Bf6 Re8 35.Rc7 Nb4 36.Rxa7 Kg8 37.Bc3 Nc6 38.Rc7 d4 39.Bd2 Nb8 40.a7 
Na6 41.Rb7 Ra8 42.g4 e5 43.h5 e4 44.g5 hxg5 45.Bxg5 Kh8 46.Bf6+ Kg8 47.h6 
1-0

[Event "22nd EUR-ch (w)"]
[Site "Prague CZE"]
[Date "2022.08.24"]
[Round "5.57"]
[White "Butenandt, Svenja"]
[Black "Soares, Sara Joana de Moura pe"]
[Result "1-0"]
[WhiteElo "2032"]
[BlackElo "1648"]
[EventDate "2022.08.20"]
[PlyCount "113"]

1.d4 d5 2.c4 e6 3.Nc3 Be7 4.cxd5 exd5 5.Bf4 c6 6.e3 Bd6 7.Bxd6 Qxd6 8.Bd3 
Ne7 9.Qc2 b6 10.Nge2 Ba6 11.O-O Bxd3 12.Qxd3 O-O 13.Rac1 Nd7 14.Nf4 Rfd8 
15.Rfd1 Nf8 16.Qc2 Ne6 17.Nd3 Rac8 18.Qa4 f6 19.Rd2 Qd7 20.Nb4 Qb7 21.Qb3 
Kh8 22.Qd1 Rd6 23.Qg4 Qd7 24.Qd1 Rd8 25.Na4 Qb7 26.Nd3 Rc8 27.b4 Rdd8 28.
Rdc2 Nc7 29.Nf4 Re8 30.Qg4 Nb5 31.Nh5 Ng6 32.Nb2 Nd6 33.Rc3 Nb5 34.R3c2 
Nd6 35.Qg3 Nf5 36.Qf3 Nd6 37.Ng3 Qd7 38.h3 Kg8 39.Nh5 Rf8 40.Kh1 Rfe8 41.
Nd3 Kh8 42.Nb2 Kg8 43.Rxc6 Ne4 44.b5 Ne7 45.Rxc8 Rxc8 46.Rxc8+ Qxc8 47.Nd3
Qc2 48.Nhf4 Qxa2 49.Qg4 f5 50.Qh4 g5 51.Qh5 Qb1+ 52.Kh2 Qxb5 53.Ne5 Nd6 
54.Qxg5+ Ng6 55.Nfxg6 Ne4 56.Qd8+ Kg7 57.Qf8# 1-0

[Event "22nd EUR-ch (w)"]
[Site "Prague CZE"]
[Date "2022.08.24"]
[Round "5.58"]
[White "Trasakova, Adela"]
[Black "Levitan, Ronit"]
[Result "0-1"]
[WhiteElo "1862"]
[BlackElo "2158"]
[EventDate "2022.08.20"]
[PlyCount "140"]

1.d4 Nf6 2.Nf3 d5 3.g3 Bg4 4.Bg2 c6 5.c4 e6 6.Qb3 Qb6 7.h3 Bh5 8.O-O Nbd7 
9.Nc3 Be7 10.Nh4 O-O 11.g4 Bg6 12.Nxg6 hxg6 13.Rd1 Qa6 14.cxd5 exd5 15.Bf4
Rfe8 16.e3 Qb6 17.Qxb6 Nxb6 18.a3 a5 19.b3 Nfd7 20.Rdb1 Nf8 21.Na4 Nbd7 
22.b4 Ne6 23.Bg3 b5 24.Nc5 Nexc5 25.bxc5 f5 26.gxf5 gxf5 27.Rb3 Bf6 28.Rc1
g6 29.Bxd5+ cxd5 30.Rxb5 Be7 31.c6 Nf6 32.c7 Rac8 33.Be5 Kf7 34.Bxf6 Bxf6 
35.Rxd5 Re7 36.Rdc5 Rd7 37.Rxa5 Rdxc7 38.Rac5 Rxc5 39.dxc5 Bb2 40.Rb1 Bxa3
41.Rb7+ Kf8 42.Rb6 Kf7 43.Rb7+ Kf6 44.Rb6+ Kg5 45.c6 Rc7 46.Kg2 Bd6 47.Kf3
Bc5 48.Ra6 Kf6 49.e4 fxe4+ 50.Kxe4 Bxf2 51.Kd5 g5 52.Ra2 Bg3 53.Rg2 Bf4 
54.Rf2 Kf5 55.Rf1 Rh7 56.Rf3 Ra7 57.Kc5 Ke4 58.Rc3 Rh7 59.Kb6 Kf5 60.Rd3 
Bc7+ 61.Kb5 Kg6 62.Kc5 Kh5 63.Rd4 Bf4 64.Kb5 Kh4 65.Rd3 Bg3 66.Kb6 Kxh3 
67.Rd7 Rh6 68.Kc5 g4 69.c7 Bxc7 70.Rxc7 g3 0-1

[Event "22nd EUR-ch (w)"]
[Site "Prague CZE"]
[Date "2022.08.24"]
[Round "5.60"]
[White "Kordzadze, Nino"]
[Black "Kochavi, Dana"]
[Result "0-1"]
[WhiteElo "1993"]
[BlackElo "1894"]
[EventDate "2022.08.20"]
[PlyCount "48"]

1.c4 b6 2.Nc3 Bb7 3.d4 e6 4.d5 Nf6 5.Nf3 Bb4 6.dxe6 fxe6 7.Bd2 O-O 8.a3 
Be7 9.Qc2 d5 10.Rd1 c5 11.Ng5 Qc8 12.cxd5 exd5 13.e4 Nxe4 14.Ncxe4 Qf5 15.
g4 Qg6 16.Bd3 dxe4 17.Bxe4 Bxe4 18.Qxe4 Bxg5 19.Qd5+ Kh8 20.Bxg5 Nc6 21.h4
Rae8+ 22.Be3 Nd4 23.h5 Qc2 24.Rxd4 cxd4 0-1

[Event "22nd EUR-ch (w)"]
[Site "Prague CZE"]
[Date "2022.08.24"]
[Round "5.61"]
[White "Shatil, Or"]
[Black "Pribylova, Sofie"]
[Result "1/2-1/2"]
[WhiteElo "1842"]
[BlackElo "1981"]
[EventDate "2022.08.20"]
[PlyCount "63"]

1.e4 c5 2.Nf3 d6 3.d4 cxd4 4.Nxd4 Nf6 5.Nc3 a6 6.Be2 e5 7.Nf3 h6 8.Nd2 b5 
9.a4 b4 10.Nd5 Nxd5 11.exd5 a5 12.Bb5+ Bd7 13.Nc4 Bxb5 14.axb5 Nd7 15.Be3 
Be7 16.O-O O-O 17.b6 Bg5 18.Bxg5 hxg5 19.Nxa5 Nxb6 20.Nc6 Qd7 21.Qd2 g4 
22.Nxb4 Rac8 23.b3 Qf5 24.c4 Nd7 25.Nc6 Rce8 26.Ra7 Kh8 27.f3 Nf6 28.fxg4 
Qxg4 29.Rf3 Ne4 30.Qc1 f5 31.Rh3+ Kg8 32.Ne7+ 1/2-1/2

[Event "22nd EUR-ch (w)"]
[Site "Prague CZE"]
[Date "2022.08.25"]
[Round "6.1"]
[White "Danielian, Elina"]
[Black "Socko, Monika"]
[Result "0-1"]
[WhiteElo "2441"]
[BlackElo "2423"]
[EventDate "2022.08.20"]
[PlyCount "76"]

1.Nf3 Nf6 2.c4 e6 3.g3 d5 4.Bg2 dxc4 5.Qa4+ Nbd7 6.Qxc4 c5 7.O-O b6 8.d4 
Bb7 9.Nc3 Rc8 10.Rd1 cxd4 11.Qxd4 Bc5 12.Qh4 O-O 13.Bg5 Qe8 14.e4 h6 15.e5
Nh7 16.Bf4 Bxf3 17.Bxf3 g5 18.Qxh6 gxf4 19.gxf4 f5 20.Kh1 Kh8 21.Rd3 Qe7 
22.Rad1 Rfd8 23.Kg2 Nf8 24.a3 Rxd3 25.Rxd3 Rd8 26.Rxd8 Qxd8 27.Ne2 a5 28.
Qh5 Kg7 29.Qh3 Ng6 30.Qg3 Nf8 31.Nc3 Qd2 32.Ne2 Be7 33.Bh5 Qxb2 34.a4 Qb4 
35.Qe3 Qxa4 36.Bxg6 Nxg6 37.Qxb6 Qd1 38.Kf3 Qd5+ 0-1

[Event "22nd EUR-ch (w)"]
[Site "Prague CZE"]
[Date "2022.08.25"]
[Round "6.2"]
[White "Mkrtchian, Lilit"]
[Black "Dzagnidze, Nana"]
[Result "1/2-1/2"]
[WhiteElo "2362"]
[BlackElo "2531"]
[EventDate "2022.08.20"]
[PlyCount "86"]

1.Nf3 Nf6 2.g3 d5 3.Bg2 e6 4.O-O Be7 5.d3 O-O 6.a4 Nc6 7.c3 e5 8.Qc2 a5 9.
e4 h6 10.Na3 Be6 11.exd5 Bxd5 12.Re1 Re8 13.Nb5 Bf8 14.d4 exd4 15.Rxe8 
Nxe8 16.Nbxd4 Nxd4 17.Nxd4 Bxg2 18.Kxg2 Qd5+ 19.Kg1 Bc5 20.Qf5 Qc4 21.Be3 
Bb6 22.Qc2 Bxd4 23.Bxd4 Rd8 24.Re1 b6 25.b3 Qd5 26.Re5 Qf3 27.Re3 Qa8 28.
Re1 c5 29.Be5 Qf3 30.Bf4 g5 31.Be3 Nf6 32.b4 Nd5 33.Qd2 axb4 34.cxb4 Rd7 
35.bxc5 Nf4 36.Bxf4 Rxd2 37.Bxd2 bxc5 38.Be3 Qe4 39.a5 Qb4 40.Ra1 Qc3 41.
Ra4 Qb3 42.Ra1 Qc3 43.Ra4 Qb3 1/2-1/2

[Event "22nd EUR-ch (w)"]
[Site "Prague CZE"]
[Date "2022.08.25"]
[Round "6.3"]
[White "Gevorgian, Maria"]
[Black "Stefanova, Antoaneta"]
[Result "1-0"]
[WhiteElo "2216"]
[BlackElo "2472"]
[EventDate "2022.08.20"]
[PlyCount "85"]

1.d4 d5 2.Nf3 Bf5 3.Bf4 e6 4.e3 Bd6 5.Nbd2 Bxf4 6.exf4 Qd6 7.g3 c5 8.c3 
Nc6 9.dxc5 Qxc5 10.Nh4 Be4 11.Nxe4 dxe4 12.Qe2 f5 13.Qh5+ Kf8 14.Ng6+ hxg6
15.Qxh8 Nb4 16.Rc1 Nxa2 17.Rd1 Qc6 18.Be2 e3 19.O-O exf2+ 20.Rxf2 Re8 21.
Bf3 Qb5 22.Rfd2 Kf7 23.Qh3 Nf6 24.Qf1 Qb3 25.Ra1 e5 26.fxe5 Rxe5 27.Be2 
Qb6+ 28.Rd4 Qxb2 29.Rxa2 Qxc3 30.Rc4 Qb3 31.Rc7+ Kf8 32.Rac2 Nd5 33.Rc8+ 
Ke7 34.Qa1 Qe3+ 35.Kf1 f4 36.Qa4 fxg3 37.Qe8+ Kf6 38.Qf8+ Kg5 39.h4+ Kxh4 
40.R8c4+ Re4 41.Qd8+ Nf6 42.Rxe4+ Qxe4 43.Rc4 1-0

[Event "22nd EUR-ch (w)"]
[Site "Prague CZE"]
[Date "2022.08.25"]
[Round "6.4"]
[White "Brunello, Marina"]
[Black "Mammadzada, Gunay"]
[Result "0-1"]
[WhiteElo "2341"]
[BlackElo "2466"]
[EventDate "2022.08.20"]
[PlyCount "148"]

1.e4 c5 2.Nf3 d6 3.d4 cxd4 4.Nxd4 Nf6 5.Nc3 a6 6.Be2 e5 7.Nf3 Be7 8.O-O 
O-O 9.Bg5 Be6 10.Bxf6 Bxf6 11.Nd5 Nd7 12.Bc4 Rc8 13.Bb3 Be7 14.Qe2 Nc5 15.
Rfd1 Re8 16.c3 Bf8 17.Bc2 Bxd5 18.Rxd5 Qb6 19.Rb1 Ne6 20.Qe3 Qxe3 21.fxe3 
Rc7 22.a4 Rc6 23.Rdd1 Nc5 24.a5 Rec8 25.Nd2 Nd7 26.Bb3 Nf6 27.Ra1 Rc5 28.
Ra4 Rb5 29.c4 Rbc5 30.Bc2 g6 31.Bd3 Bh6 32.Re1 Ng4 33.Nf1 Nf6 34.b3 Bg5 
35.h3 Nd7 36.Ra2 Bd8 37.b4 R5c7 38.Nd2 Be7 39.Nb1 d5 40.c5 dxe4 41.Bc4 Kg7
42.g4 Bh4 43.Rf1 Nf6 44.Rd2 Bg5 45.Kf2 h5 46.gxh5 Nxh5 47.Nc3 Nf6 48.Nd5 
Nxd5 49.Rxd5 Re7 50.Rd6 Rh8 51.Rh1 Rc7 52.Ke2 Be7 53.Rb6 Rd8 54.Rd1 Rxd1 
55.Kxd1 Rd7+ 56.Ke2 Bd8 57.c6 bxc6 58.Rb8 c5 59.bxc5 Bxa5 60.Bxa6 Rd2+ 61.
Kf1 Rd1+ 62.Ke2 Rd2+ 63.Kf1 Rc2 64.Bb7 f5 65.c6 f4 66.c7 Bxc7 67.Re8 Kf7 
68.Rc8 fxe3 69.Ba6 Rf2+ 70.Kg1 Bb6 71.Bc4+ Kg7 72.Rb8 Bd4 73.Rb1 e2 74.Kh1
Bc3 0-1